Music Quiz

Random Music Quiz

'We Didn't Start the Fire' by Pictures Quiz Stats

 Plays Quiz not verified by Sporcle

Also try: 3-Member Bands
Challenge
Share
Tweet
Score 0/22 Timer 10:00
0 Plays Today
% Correct
Peter Pan
89.2%
Lawrence of Arabia
83.8%
Reagan
79.7%
Wheel of Fortune
73%
Psycho
71.6%
James Dean
66.2%
Marilyn Monroe
62.2%
Heavy Metal
60.8%
Malcolm X
60.8%
North Korea
60.8%
Woodstock
58.1%
% Correct
Harry Truman
56.8%
Berlin
52.7%
H-Bomb
48.6%
England's Got a New Queen
44.6%
Lebanon
43.2%
Watergate
33.8%
Communist Bloc
32.4%
Chubby Checker
29.7%
Khrushchev
25.7%
Little Rock
10.8%
Syngman Rhee
10.8%

You're not logged in!

Compare scores with friends on all Sporcle quizzes.
Join for Free
OR
Log In

You Might Also Like...

Show Comments

Extras

Created Nov 17, 2014ReportNominate
Tags:Billy Joel, Music Tracks

Top Quizzes Today


Score Distribution

Your Account Isn't Verified!

In order to create a playlist on Sporcle, you need to verify the email address you used during registration. Go to your Sporcle Settings to finish the process.

Report this User

Report this user for behavior that violates our Community Guidelines.

Details: